Top 5 European Leagues Top Clean Sheets: 2014/15 - Statistics

General Stats
  • This quiz has been taken 4 times
  • The average score is 10 of 29
Answer Stats
League Clean Sheets Club Nationality Player % Correct
La Liga 23 Barcelona Chile Claudio Bravo
100%
Serie A 18 Juventus Italy Gianluigi Buffon
100%
La Liga 12 Real Madrid Spain Iker Casillas
100%
Bundesliga 16 Bayer Leverkusen Germany Bernd Leno
75%
Premier League 14 Manchester City England Joe Hart
75%
Bundesliga 20 Bayern Munich Germany Manuel Neuer
75%
Premier League 13 Chelsea Belgium Thibaut Courtois
75%
Bundesliga 15 Borussia Monchengladbach Switzerland Yann Sommer
75%
Bundesliga 11 Mainz Germany Loris Karius
50%
Serie A 11 Inter Slovenia Samir Handanovic
50%
Premier League 14 Liverpool Belgium Simon Mignolet
50%
Bundesliga 13 Koln Germany Timo Horn
50%
La Liga 13 Valencia Brazil Diego Alves
25%
Premier League 13 Swansea Poland Lukasz Fabianski
25%
Primeira Liga 11 Sporting Portugal Rui Patricio
25%
Serie A 13 Chievo Verona Argentina Albano Bizzarri
0%
Serie A 11 Sampdoria Italy Emiliano Viviano
0%
Primeira Liga 18 Porto Cyprus Fabiano
0%
Serie A 11 Lazio Italy Federico Marchetti
0%
Premier League 14 Southampton England Fraser Forster
0%
La Liga 12 Athletic Bilbao Spain Gorka Iraizoz
0%
Primeira Liga 15 Benfica Brazil Julio Caesar
0%
La Liga 13 Espanyol Spain Kiko Castilla
0%
Primeira Liga 10 Moreirense Portugal Marafona
0%
Primeira Liga 9 Braga Brazil Matheus
0%
La Liga 12 Atletico Madrid Spain Miguel Angel Moya
0%
Primeira Liga 9 Boavista Portugal Mika
0%
Serie A 16 Roma Italy Mogan De Sanctis
0%
La Liga 15 Villarreal Spain Sergio Asenjo
0%
No matching quizzes found
Score Distribution
Percent of People with Each Score
Percentile by Number Answered
Your Score History
You have not taken this quiz